000 01593nam a2200205Ia 4500
005 20260506110624.0
008 160316s2006 xxu||||| |||| 00| 0 eng d
020 _a8175963166
082 _a322.4 SUN
100 _aSundarayya P
245 _aTelangana people's struggle and its lessons/
_b P Sundarayya
260 _aBangalore :
_bFoundations Press,
_c2006,
300 _a458p
_cvii
365 _b Rs. 695
505 _aContentsPrefaceIntroductionPARTI1. Hyderabad State-its Socio-Political Background2 The Peasant Upsurge and Communist Party3. Armed Resistance Movement Against Nizam and Razakars4. Telangana People's Armed Liberation Struggle Against Nizam-its Achievements5. The Communist Movement in Andhra: Terror Regime-1948-1951PART II1. Entry of Indian Army and Immediately After2 Terror Regime and Resistance3. The Krishna Forest (Nallamala) Region4. The Godavari Forest Region5. Actions of Guerrilla Squads6. People's Upsurge in Karimnagar and other New Areas7. Movement in Cities and of the Working Class8. Struggle Inside Jails9. Women in the Telangana Movement10. Brief Sketches of Some of the Squad and Party Leaders: after the Entry of the Indian Army11. Withdrawal of Telangana Armed Partisan ResistanceEpiloguePART IIIAppendix IMartyrs of the StruggleNalgonda DistrictMahboobnagar DistrictAppendix IIThe Conditions of Agricultural Workers and of the Poor PeasantryAppendix IIIPresent Secret Organisation-Our TasksAppendix IVTales of Telangana
650 _aTelengana Region - India
650 _aTelengana - Politics & Government
700 _a
_a
942 _2ddc
_cBK
999 _c31892
_d31892